LIBRARY & INFORMATION CENTRE, KCAET, TAVANUR

ONLINE PUBLIC ACCESS CATALOGUE (OPAC)

Prabandha Bhooshanam / (Record no. 1154)

MARC details
000 -LEADER
fixed length control field 00441cam a2200169ua 4500
041 ## - LANGUAGE CODE
Language code of text/sound track or separate title mal
082 ## - DEWEY DECIMAL CLASSIFICATION NUMBER
Classification number 894.8124
Item number VAS/PR
100 ## - MAIN ENTRY--AUTHOR NAME
Personal name Vasudevan moosad, K .
245 ## - TITLE STATEMENT
Title Prabandha Bhooshanam /
260 ## - PUBLICATION, DISTRIBUTION, ETC. (IMPRINT)
Place of publication Thrissur :
Name of publisher Saraswathi printing and publishing house ,
Year of publication 1952.
300 ## - PHYSICAL DESCRIPTION
Number of Pages 66 ; .
942 ## - ADDED ENTRY ELEMENTS (KOHA)
Koha item type Books
Holdings
Withdrawn status Lost status Damaged status Home library Current library Date acquired Full call number Accession Number Koha item type
Withdrawn     KAUAET Sanskrit University 07/04/2012 894.8124 1053 Books
free website counter